01464cam a22003257a 4500999001700000001000900017005001700026008004100043010001700084020001500101035002900116035002200145035002300167040002300190042001400213050002800227100002400255245005500279260010500334300004000439500021100479504006200690600006200752600006200814710002600876710003300902710004200935942003600977952012501013 c23311d233111271955520170126092005.0020326s2002 enka b 001 0 eng  a 2002104369 a0810962586 a(CStRLIN)NYUGB12624518-B a(NNU)NYUb12624518 a(OCoLC)ocm50790884 aVYFcVYFdNNUdDLC alccopycat00aN6853 b.M33C68 20021 aCowling, Elizabeth.10aInterpreting Matisse Picasso /cElizabeth Cowling. aLondon :bTate Pub. ;aNew York :bDistributed in North and South America by Harry N. Abrams,c2002. a80 p. :bill. (some col.) ;c22 cm. aPublished to accompany an exhibition held at Tate Modern, London, May 11-Aug. 18, 2002, the Le Grand Palais, Paris, Sept. 25, 2002-Jan. 6, 2003, and the Museum of Modern Art, New York, Feb. 13-May 10, 2003. aIncludes bibliographical references (p. 78-79) and index.10aMatisse, Henri,d1869-1954xCriticism and interpretation.10aPicasso, Pablo,d1881-1973xCriticism and interpretation.2 aTate Modern (Gallery)2 aGrand Palais (Paris, France)2 aMuseum of Modern Art (New York, N.Y.) 2lcccBOOKShN6853 .M33C68 2002 00102lcc4070aMUCbMUCcTECHd2017-01-26eDonation(BFA)l0oN6853 .M33C68 2002p30925r2018-07-24w2017-01-26yBOOKS